00676cam a22001697a 4500008004000000020001500040082001500055245014900070260004500219300001000264650004500274650003500319700002400354700002300378999001900401952008600420180718b2009 xxu||||| |||| 00| 0 eng d a0195698541 aZx54 K114a aAgricultural development, rural institutions and economic policy: essays for A. Vaidyanathancedited by Gopal K. Kadekodi and Brinda Viswanathan aNew DelhibOxford University Pressc2009 a325p. aAgriculture -- Economic aspects -- India aAgriculture and state -- India aViswanathan, Brinda aKadekodi, Gopal K. c415249d415249 00104070aIIPAbIIPAd2009-03-18oZx54 K114ap83109r2018-07-21w2018-07-21yBK